| 000 | 00494nmm a2200169Ia 4500 | ||
|---|---|---|---|
| 008 | 251105s9999||||xx |||||||||||||||||und|| | ||
| 020 | _a9788491127314 | ||
| 041 | _aspa | ||
| 100 | _aLaguna López, Ignacia | ||
| 245 | 0 |
_aPoesías de una vida : _b Versos originales de una larga vida |
|
| 264 |
_a[Madrid, España] : _bLantia, _c2016 |
||
| 300 | _a126 páginas | ||
| 490 | _aCaligrama | ||
| 650 | _aSpanish poetry | ||
| 856 | _uhttps://public.digitaliapublishing.com/a/87555 | ||
| 942 | _cCF | ||
| 999 |
_c88221 _d88221 |
||